| 000 | 01126nam a22003017a 4500 | ||
|---|---|---|---|
| 005 | 20091010102559.0 | ||
| 008 | 091010t xxu||||| |||| 00| 0 eng d | ||
| 010 | _aENG-95114 | ||
| 020 |
_a0198063008 _c225.00 |
||
| 020 |
_a9780198063001 _c225.00 |
||
| 035 | _aEN-78647 | ||
| 037 | _bDBAD/PUB | ||
| 040 |
_aDPL _bENG |
||
| 082 | _a962.02092 | ||
| 100 | _aJaques, R. Kevin | ||
| 245 |
_aIbn Hajar / _cR. Kevin Jaqus |
||
| 260 |
_aNew Delhi _bOxford University Press _c2009 |
||
| 270 |
_aYMCA Library Building , Jai Shingh Road, _bNew Delhi _e110001 |
||
| 300 |
_ax, 156p. _c21cm.(Pbk) |
||
| 490 | _aMakers of Islamic Civilization / edited by Farhan A. Nizami | ||
| 500 | _aIncludes index | ||
| 600 |
_aIbn Hajar al-Asqalani, Ahmad _dibn 'Ali, 1372-1449 |
||
| 650 |
_aHistorians _zEgypt _xBiography |
||
| 650 |
_aJudges _zEgypt _xBiography |
||
| 651 |
_aEgypt _xHistory _y1250-1517 |
||
| 942 |
_2ddc _cEN _mJAQ _h962.02092 |
||
| 999 |
_c30872 _d30872 |
||